The problem of perception in Sandor Márai’s embers: An Advaitic study (Record no. 530789)
[ view plain ]
| 000 -LEADER | |
|---|---|
| fixed length control field | 01590nam a22001457a 4500 |
| 008 - FIXED-LENGTH DATA ELEMENTS--GENERAL INFORMATION | |
| fixed length control field | 250715b ||||| |||| 00| 0 eng d |
| 100 ## - MAIN ENTRY--PERSONAL NAME | |
| Personal name | James, Sinu and Jena, Bidyut Bhusan |
| 245 ## - TITLE STATEMENT | |
| Title | The problem of perception in Sandor Márai’s embers: An Advaitic study |
| 260 ## - PUBLICATION, DISTRIBUTION, ETC. (IMPRINT) | |
| Place of publication, distribution, etc | Journal of Human Values |
| 300 ## - PHYSICAL DESCRIPTION | |
| Extent | 31(2), May, 2025: p.199-207 |
| 520 ## - SUMMARY, ETC. | |
| Summary, etc | This article attempts to study the problem of perception in Sandor Márai’s celebrated novel Embers from the standpoint of the pramana (a method of knowledge) of Advaita Vedanta. An epistemic problem, the problem of perception, concerns the overwhelming questions of life, culminating in an enigmatic amalgamation of dilemmas and paradoxes. Genuine dilemmas and paradoxes problematize human relationships, which is evident in the complex narrative of Embers. Our contention in this article is to show how, even though enacted within the periphery of the purely fictional, Embers bears testimony to the complexities of life that are quickened by the limits of human perception, which keeps one from seeing how things really are by creating a shadow or reflected consciousness. Set against the backdrop of the Austro-Hungarian Empire, the novel opens up a dialogic space at the intersection of a triangular relationship enacted on the threshold of perception and its multidimensional problems.- Reproduced https://journals.sagepub.com/doi/full/10.1177/09716858241287489 |
| 650 ## - SUBJECT ADDED ENTRY--TOPICAL TERM | |
| Topical term or geographic name as entry element | Perception, Pramana, Advaita Vedanta (non-duality), Dilemma, Paradox. |
| 9 (RLIN) | 55151 |
| 773 ## - HOST ITEM ENTRY | |
| Main entry heading | Journal of Human Values |
| 942 ## - ADDED ENTRY ELEMENTS (KOHA) | |
| Item type | Articles |
| Withdrawn status | Lost status | Source of classification or shelving scheme | Damaged status | Not for loan | Permanent location | Current location | Date acquired | Serial Enumeration / chronology | Barcode | Date last seen | Koha item type |
|---|---|---|---|---|---|---|---|---|---|---|---|
| Indian Institute of Public Administration | Indian Institute of Public Administration | 2025-07-15 | 31(2), May, 2025: p.199-207 | AR136568 | 2025-07-15 | Articles |
